| 000 | 01051nam a2200277 i 4500 | ||
|---|---|---|---|
| 001 | bg | ||
| 100 | 1 | _aMcWHINNIE, Ailsa | |
| 245 | 1 | 0 |
_aFotografia : _bpodręcznik / _cAilsa McWhinnie ; [tł. Adriana Jałowiecka, Krzysztof Wojciechowski]. |
| 246 |
_iTyt. oryg.: _aComplete photography manual |
||
| 260 |
_aWarszawa : _b"Arkady", _c2003. |
||
| 300 |
_a221, [3] s. : _bil. (w tym kolor.) ; _c29 cm. |
||
| 500 | _aTyt. oryg.: "Complete photography manual". Na okł. podtyt.: praktyczne wskazówki jak udoskonalić swoje umiejętności : z uzwzględnieniem fotografii cyfrowej. | ||
| 504 | _aIndeks. | ||
| 650 | 9 |
_aFotografia _xtechnika |
|
| 655 | _aPodręczniki | ||
| 700 | 1 |
_aJAŁOWIECKA, Adriana. _eTł. |
|
| 700 | 1 |
_aWOJCIECHOWSKI, Krzysztof. _eTł. |
|
| 020 | _a8321342388 | ||
| 040 | _cBPK | ||
| 041 | 1 |
_apol _heng |
|
| 080 | _a77(07) | ||
| 920 | _a83-213-4238-8 | ||
| 942 | _cKS | ||
| 008 | s pl f |000 0 pol | ||
| 999 |
_c44256 _d44256 |
||
| 856 |
_uhttp://koha.tu.koszalin.pl/cgi-bin/koha/opac-detail.pl?biblionumber=44256 _yKatalog online BPK |
||